Macroeconomics (Record no. 16715)

000 -LEADER
fixed length control field 00463cam a2200181 a 4500
020 ## - INTERNATIONAL STANDARD BOOK NUMBER
ISBN 0070179859 (alk. paper)
040 ## - CATALOGING SOURCE
Transcribing agency DLC
082 00 - DEWEY DECIMAL CLASSIFICATION NUMBER
Classification number 339 HIL 1998 A108 Or.
100 1# - MAIN ENTRY--AUTHOR NAME
Personal name Dornbusch, Rudiger
245 10 - TITLE STATEMENT
Title Macroeconomics
250 ## - EDITION STATEMENT
Edition statement 7th ed. /
260 ## - PUBLICATION, DISTRIBUTION, ETC. (IMPRINT)
Place of publication Boston :
Name of publisher McGraw-Hill/Irwin,
Year of publication c1998
300 ## - PHYSICAL DESCRIPTION
Number of Pages xix, 550 p. :
Other physical details col. ill. ;
Dimensions 25 cm
650 #0 - SUBJECT ADDED ENTRY--TOPICAL TERM
Topical Term Macroeconomics
700 1# - ADDED ENTRY--PERSONAL NAME
Personal name Fischer, Stanley
700 1# - ADDED ENTRY--PERSONAL NAME
Personal name Startz, Richard,
942 ## - ADDED ENTRY ELEMENTS (KOHA)
Koha item type សៀវភៅភាសាអង់គ្លេស
952 ## - LOCATION AND ITEM INFORMATION (KOHA)
Withdrawn status [LOCAL, KOHA] 0
Holdings
Permanent Location Date acquired Koha item type Lost status Shelving location Barcode Current Location Full call number
Library Block A2018-03-28សៀវភៅភាសាអង់គ្លេស A108A07284Library Block A339 HIL 1998 A108 Or.
មជ្ឈមណ្ឌលឯការនៃសាកលវិទ្យាល័យភូមិន្ទកសិកម្មចំការដូង

Powered by Koha